000 00940cam a2200253 i 4500
001 1381368003
003 OSt
005 20250429124019.0
008 230607s2023 sz a o 001 0 eng d
020 _z9783031260612 (hardcover)
040 _aGW5XE
_beng
_erda
_cGW5XE
_dNUST
050 4 _aRC78.7.T6 PHO
245 0 0 _aPhoton counting computed tomography :
_bclinical applications, image reconstruction and material discrimination /
_cedited by Scott Hsieh and Krzysztof (Kris) Iniewski.
260 _aCham :
_bSpringer,
_c2023.
300 _avii, 277 pages :
_bIllustrations ;
_c24 cm.
336 _atext
_btxt
_2rdacontent
337 _aunmediated
_bn
_2rdamedia
338 _avolume
_bnc
_2rdacarrier
504 _aIncludes bibliographical references and index.
650 0 _vTomography.
700 1 _aHsieh, Scott
_eEditor
700 1 _aIniewski, Krzysztof
_eEditor
942 _2lcc
_cBOOKS
_hRC78.7.T6 PHO
_kRC
_mPHO
_n0
999 _c171713
_d171713